00357nam a2200133Ia 4500008004100000041000800041082001500049100001700064245004500081250000700126260005500133300002400188365001100212240624s9999 xx 000 0 und d aeng a320.94 SIN aSINHA ARVIND aEUROPE IN TRANSITION FROM FEUDALISM TO I a11 c2010aNew DelhibManohar Publishers & Distributors a782 : p. : cm. ; 21 cRSb25